| 000 | 00667nam a2200229 i 4500 | ||
|---|---|---|---|
| 001 | 18200 | ||
| 003 | ES-MaACL | ||
| 005 | 20260521123125.0 | ||
| 007 | t| | ||
| 008 | 011008s1959 ag ||||1| spa d | ||
| 080 | _a32 Mao, Tse-Tung | ||
| 100 | 1 |
_aMao, Zedong, _d1893-1976 _9170492 |
|
| 245 | 1 | 0 |
_aObras escogidas / _cMao Tse-Tung. |
| 260 |
_aBuenos Aires : _bPlatina, _c[1959] |
||
| 300 |
_a2 v. ; _c23 cm. |
||
| 490 | 1 | _aHechos, ideas y ciencias | |
| 500 | _aBiblioteca Juan Andrade. | ||
| 505 | 8 | _aContiene: I: 1926-38 -- II: 1938-1945 | |
| 830 | 0 |
_aHechos, ideas y ciencias _9228779 |
|
| 852 |
_aES-MaACL _jAND-129-30 _bR.109443 |
||
| 999 |
_c18200 _d18200 |
||